000 00841nam a22002297a 4500
005 20170310114326.0
010 _a1617EN ENG-117166
020 _a9781138678958
_c895.00
035 _aB-650064-070
035 _aEN-100698
037 _aDPL
_bUPPAL
037 _bDBAD/PUB
082 _a301
100 _aSanderson, Staphen K.
245 _aRethinking sociological theory:
_cby Staphen K. Sanderson
_bintroducing and explaining a scientific theoretical sociology /
260 _aNew York
_bRoutledge
_c2016
270 _a711 third avenue
_bNew York
_eNY 10017
300 _axix,267p.
_c24cm(pbk)
500 _ainculdes index
942 _2ddc
_cEN
_h301
_mSAN
999 _c102118
_d102118